| 000 | 00549nam a2200217 a 4500 | ||
|---|---|---|---|
| 005 | 20210219153455.0 | ||
| 008 | 991125n 000 0 u | ||
| 035 | _aUPN01000101818 | ||
| 100 | _aShull, Carol D. | ||
| 222 | _aSOCIAL EDUCATION | ||
| 245 | _aTeaching with historic places | ||
| 300 | _a312 | ||
| 362 | _a56, No. 5, 1992 | ||
| 505 | _aJulio 1993 | ||
| 653 | 0 | _aHISTORIA LOCAL | |
| 653 | 0 | _aINSTRUCCION DE HISTORIA | |
| 653 | 0 | _aRECURSOS PRIMARIOS | |
| 700 | _aHunter, Kathleen | ||
| 904 |
_aAC _b039629 |
||
| 905 | _aArticulo | ||
| 999 |
_c77829 _d77829 |
||